Teoría y problemas de matemáticas aplicadas a ciencia y tecnología

Kaydedildi:
Detaylı Bibliyografya
Yazar: Kruglak, Haym (Yazar)
Diğer Yazarlar: Moore, John T. (autor)
Materyal Türü: Kitap
Dil:İspanyolca
Baskı/Yayın Bilgisi: Ciudad de México Libros McGraw-Hill 1976
Seri Bilgileri:Serie de Compendios Schaum
Konular:
Etiketler: Etiketle
Etiket eklenmemiş, İlk siz ekleyin!

MARC

LEADER 00000nam a2200000 a 4500
001 UCQ9328
003 CL-VaPUC
008 981230e19760000MX |||||||||||||||||spa|d
082 0 4 |a 519.4  |b KRU  |2 21 
100 0 |a Kruglak, Haym  |e author  |9 423853 
700 |a Moore, John T.  |e autor  |9 423854 
245 1 0 |a Teoría y problemas de matemáticas aplicadas a ciencia y tecnología 
300 |a 333 p 
942 |c BK 
945 |d 19981230 00:00:00  |a cmena 
260 |a Ciudad de México  |b Libros McGraw-Hill  |c 1976 
650 0 |a Matemática aplicada   |9 260236 
650 0 |a Ciencias  |9 327866 
650 0 |a Física matemática   |9 260981 
650 7 |a FRACCIONES MATEMATICAS  |2 CL-VaPUC  |9 423855 
650 0 |a Ecuaciones lineales   |9 342219 
650 0 |a Logaritmos  |9 260266 
650 0 |a Geometría plana  |9 265855 
650 0 |a Trigonometría   |9 259568 
650 0 |a Análisis vectorial   |9 260451 
583 |a last modification  |c 19981230 00:00:00  |k Rodrigo Vera 
490 0 |a Serie de Compendios Schaum 
999 |c 278385  |d 278383 
952 |0 0  |1 0  |4 0  |6 519_400000000000000_KRU_1976  |7 0  |8 A  |9 316887  |a BIBMAT  |b BIBMAT  |d 2019-11-20  |i 1311808  |o 519.4 KRU 1976  |p 1311808  |r 2025-01-07  |w 2019-11-20  |y BK  |k MAT